MARC details
| 000 -LEADER |
| fixed length control field |
02312nam a22003497a 4500 |
| 001 - CONTROL NUMBER |
| control field |
101834 |
| 003 - CONTROL NUMBER IDENTIFIER |
| control field |
KnowledgeUnlatched |
| 005 - DATE AND TIME OF LATEST TRANSACTION |
| control field |
20210303105301.0 |
| 006 - FIXED-LENGTH DATA ELEMENTS--ADDITIONAL MATERIAL CHARACTERISTICS |
| fixed length control field |
m o d |
| 007 - PHYSICAL DESCRIPTION FIXED FIELD--GENERAL INFORMATION |
| fixed length control field |
cr u|||||||||| |
| 008 - FIXED-LENGTH DATA ELEMENTS--GENERAL INFORMATION |
| fixed length control field |
210129p20142018mau o u00| u eng d |
| 037 ## - SOURCE OF ACQUISITION |
| Institution to which field applies |
BiblioBoard |
| 020 ## - INTERNATIONAL STANDARD BOOK NUMBER |
| International Standard Book Number |
9781618114006 |
| 029 1# - OTHER SYSTEM CONTROL NUMBER (OCLC) |
| OCLC library identifier |
https://library.biblioboard.com/ext/api/media/89fb1dee-66bf-4b61-83d8-dbccaf87a81f/assets/thumbnail.jpg |
| 040 ## - CATALOGING SOURCE |
| Original cataloging agency |
ScCtBLL |
| Transcribing agency |
ScCtBLL |
| 100 1# - MAIN ENTRY--PERSONAL NAME |
| Personal name |
Sadur, Nina |
| Relator term |
author. |
| 245 04 - TITLE STATEMENT |
| Title |
The Witching Hour and Other Plays |
| Statement of responsibility, etc. |
Nina Sadur. |
| 264 #1 - PRODUCTION, PUBLICATION, DISTRIBUTION, MANUFACTURE, AND COPYRIGHT NOTICE |
| Name of producer, publisher, distributor, manufacturer |
Academic Studies Press, |
| 300 ## - PHYSICAL DESCRIPTION |
| Extent |
1 online resource (206 p.) |
| 506 0# - RESTRICTIONS ON ACCESS NOTE |
| Terms governing access |
Access copy available to the general public. |
| Standardized terminology for access restriction |
Unrestricted |
| Source of term |
star |
| 520 ## - SUMMARY, ETC. |
| Summary, etc. |
Nina Sadur, the playwright, occupies a prominent place in the Soviet/Russian drama pantheon of the 1980s and 1990s, a group that has with few exceptions been generally ignored by the Western literary establishment. The plays included in this volume offer some of Sadur's most influential works for the theater to the English-speaking audience for the first time. The collection will appeal to readers interested in Russian literature and culture, Russian theater, as well as women's literature. Sadur's plays are inspired by symbolist drama, the theater of the absurd and Russian folklore, yet are also infused with contemporary reality and populated by contemporary characters. Her work is overtly gynocentric: the fictional world construes women's traditionally downplayed concerns as narratively and existentially central and crucial. Sadur's drama has exerted a tremendous influence on contemporary Russian literature. |
| 588 0# - SOURCE OF DESCRIPTION NOTE |
| Source of description note |
Description based on print version record. |
| 590 ## - LOCAL NOTE (RLIN) |
| Local note |
KU Open Services |
| 650 #7 - SUBJECT ADDED ENTRY--TOPICAL TERM |
| Topical term or geographic name entry element |
Literary Collections / Russian & Former Soviet Union |
| Source of heading or term |
bisacsh |
| 655 #7 - INDEX TERM--GENRE/FORM |
| Genre/form data or focus term |
Anthologies |
| Source of term |
lcgft |
| 655 #0 - INDEX TERM--GENRE/FORM |
| Genre/form data or focus term |
Electronic books. |
| 758 ## - |
| -- |
Is found in: |
| -- |
Knowledge Unlatched |
| -- |
https://openresearchlibrary.org/module/2774bc74-146a-484f-a7ba-ab1d6a09bbfb |
| 856 40 - ELECTRONIC LOCATION AND ACCESS |
| Uniform Resource Identifier |
<a href="https://openresearchlibrary.org/content/89fb1dee-66bf-4b61-83d8-dbccaf87a81f">https://openresearchlibrary.org/content/89fb1dee-66bf-4b61-83d8-dbccaf87a81f</a> |
| Public note |
View this content on Open Research Library. |
| -- |
0 |